000 00460nam a22001457a 4500
082 _a004
100 _aAnjum, Saiqa
245 _aDevelopment of a new Multifocus Image Fusion Technique /
_cSaiqa Anjum
260 _aIslamabad :
_bMCS - NUST,
_c2017.
300 _a46 p. ;
_c30cm.
650 _aComputer Software Engineering-MS-Thesis
_916105
700 _aDr. Abdul Ghafoor
_916207
942 _2ddc
_cTHE
999 _c540813
_d540813